Celebrities (medium) - Statistics

General Stats
  • This quiz has been taken 11 times
  • The average score is 9 of 16
Answer Stats
Picture Answer % Correct
Jamie Foxx
100%
Jennifer Lawrence
100%
Samuel L. Jackson
100%
Benedict Cumberbatch
82%
Cate Blanchett
82%
Al Pacino
73%
Pedro Pascal
73%
Woody Harrelson
73%
Adrien Brody
64%
Goldie Hawn
55%
Kate Hudson
55%
Dakota Johnson
45%
Olivia Coleman
9%
Vanessa Kirby
9%
Rebecca Fergurson
0%
Rosamund Pike
0%
No matching quizzes found
Score Distribution
Percent of People with Each Score
Percentile by Number Answered
Your Score History
You have not taken this quiz